000 00772nam a2200241Ia 4500
003 OSt
005 20241016132103.0
008 210716s1982 xx 000 0 und d
020 _a0130760005
040 _cAIMIT LIBRARY
041 _aeng
082 _a428.24
_21
_bLEVD
100 _aLevine, Deena R.
_9182499
245 _aBeyond language :
_bintercultural communication for english as a second language /
_cBy Deena R Levine and Mara B Adelman.
250 _a1st ed.
260 _aLondon :
_bPrentice Hall ,
_c1982.
300 _axvii,222p. ;
_bPB
_c24.2 cm
650 _aNonverbal communication
_9182500
650 _aFamily values
_9182501
650 _aCultural adjustment
_9182502
700 _aAdelman, Mara B.
_9182503
942 _2ddc
_cBK
_e1st
_k428.24 LEVD
999 _c200941
_d200941